| 000 | 02793nam0a2200397 4500 | ||
|---|---|---|---|
| 001 | RU\NLR\BIBL_A\012322491 | ||
| 005 | 20201008161521.0 | ||
| 010 |
_a978-5-7890-1711-1 _950 |
||
| 021 |
_aRU _bКН-П-20-022488 _9КН-П-20-1760 |
||
| 035 | _a(NLR Aleph) 012322491 | ||
| 035 | _a(RuMoRGB)010327519 | ||
| 090 |
_a11429279 _c11429279 |
||
| 100 | _a20200827d2019 u y0rusy50 ca | ||
| 101 | 0 | _arus | |
| 102 | _aRU | ||
| 105 | _a |||j|||000zy | ||
| 181 | 0 |
_ai _baxxe |
|
| 182 | 0 | _an | |
| 200 | 1 |
_aПроектирование и эксплуатация сетей связи _eучебно-методическое пособие _e[для бакалавров очной и заочной формы обучения по направлению 11.03.02 "Инфокоммуникационные технологии и системы связи"] _fВ.В. Евстафьев, О.Ю. Назарова, И.Я. Бурнашев _gМинистерство науки и высшего образования Российской Федерации, Федеральное государственное бюджетное образовательное учреждение высшего образования "Донской государственный технический университет" |
|
| 203 |
_aТекст _bвизуальный _cнепосредственный |
||
| 210 |
_aРостов-на-Дону _cДГТУ _d2019 |
||
| 215 |
_a78 с. _cил., табл. _d21 |
||
| 320 | _aБиблиогр.: с. 72 (6 назв.) | ||
| 606 | 1 |
_aВолоконно-оптические линии связи _jУчебно-методические пособия для высших учебных заведений _xСистемы _xПроектирование _92422672 _3RU\NLR\AUTH\6601661188 |
|
| 606 | 1 |
_aЭлектрические сети связи _jУчебно-методические пособия для высших учебных заведений _xПроектирование _91997498 _3RU\NLR\AUTH\661202882 |
|
| 606 | 1 |
_aКабельные линии связи _jУчебно-методические пособия для высших учебных заведений _xПроектирование _92322748 _3RU\NLR\AUTH\661389512 |
|
| 686 | 1 | _aЗ889.79-02я73-1 | |
| 686 | 1 | _aЗ889.3-02я73-1 | |
| 700 | 1 |
_aЕвстафьев _bВ. В. _gВячеслав Владимирович |
|
| 701 | 1 |
_7ca _8rus _aНазарова _bО. Ю. _cканд. техн. наук _gОльга Юрьевна _9199966 _3RU\NLR\AUTH\770200017 |
|
| 701 | 1 |
_aБурнашев _bИ. Я. _gИльдар Янгибаевич |
|
| 942 | _cBOOK | ||
| 980 | _aNBR | ||
| 980 | _aNB | ||